Harry Potter and the Sorcerer's Stone / (Record no. 4969)
[ view plain ]
| 000 -LEADER | |
|---|---|
| fixed length control field | 01012nam a22003017a 4500 |
| 001 - CONTROL NUMBER | |
| control field | 4969 |
| 003 - CONTROL NUMBER IDENTIFIER | |
| control field | FISKH |
| 005 - DATE AND TIME OF LATEST TRANSACTION | |
| control field | 20241028162615.0 |
| 008 - FIXED-LENGTH DATA ELEMENTS--GENERAL INFORMATION | |
| fixed length control field | 241028b cb ||||| |||| 00| 0 eng d |
| 020 ## - INTERNATIONAL STANDARD BOOK NUMBER | |
| International Standard Book Number | 9780590353427 |
| 040 ## - CATALOGING SOURCE | |
| Original cataloging agency | FISKH |
| Language of cataloging | eng |
| Transcribing agency | FISKH |
| Modifying agency | FISKH |
| 050 ## - LIBRARY OF CONGRESS CALL NUMBER | |
| Classification number | PJ5124 |
| 082 ## - DEWEY DECIMAL CLASSIFICATION NUMBER | |
| Classification number | 823.914 |
| 100 ## - MAIN ENTRY--PERSONAL NAME | |
| Personal name | Rowling, J. K. |
| 245 ## - TITLE STATEMENT | |
| Title | Harry Potter and the Sorcerer's Stone / |
| Statement of responsibility, etc. | by J. K. Rowling |
| 250 ## - EDITION STATEMENT | |
| Edition statement | First Scholastic trade paperback printing, September 1999 |
| 260 ## - PUBLICATION, DISTRIBUTION, ETC. | |
| Place of publication, distribution, etc. | New York : |
| Name of publisher, distributor, etc. | Scholastic ; |
| Date of publication, distribution, etc. | 1997. |
| 300 ## - PHYSICAL DESCRIPTION | |
| Extent | 309 pages : |
| Other physical details | illustrations ; |
| Dimensions | 20 cm . |
| 490 ## - SERIES STATEMENT | |
| Series statement | Harry Potter |
| Volume/sequential designation | Book 1 |
| 505 ## - FORMATTED CONTENTS NOTE | |
| Formatted contents note | W <br/> |
| 520 ## - SUMMARY, ETC. | |
| Summary, etc. | Rescued from the outrageous neglect of his aunt and uncle, a young boy with a great destiny proves his worth while attending Hogwarts School for Wizards and Witches. |
| 521 8# - TARGET AUDIENCE NOTE | |
| Target audience note | 880 <br/> |
| Source | Lexile <br/> |
| 521 8# - TARGET AUDIENCE NOTE | |
| Target audience note | W <br/> |
| Source | Raz-Plus <br/> |
| 650 ## - SUBJECT ADDED ENTRY--TOPICAL TERM | |
| Topical term or geographic name entry element | children's |
| Form subdivision | fiction |
| 700 ## - ADDED ENTRY--PERSONAL NAME | |
| Personal name | Grandpre, Mary |
| Relator term | illustrator |
| 942 ## - ADDED ENTRY ELEMENTS (KOHA) | |
| Source of classification or shelving scheme | Dewey Decimal Classification |
| Koha item type | Books |
| Suppress in OPAC | No |
| Withdrawn status | Lost status | Source of classification or shelving scheme | Damaged status | Not for loan | Collection | Home library | Current library | Shelving location | Date acquired | Total Checkouts | Full call number | Barcode | Date last seen | Copy number | Price effective from | Koha item type | Date last checked out |
|---|---|---|---|---|---|---|---|---|---|---|---|---|---|---|---|---|---|
| Dewey Decimal Classification | Fiction | Footprints International School Library Network Toul Tom Poung Campus | Footprints International School Library Network Toul Tom Poung Campus | TTP Secondary Fiction Bookshelves | 10/28/2024 | ROW 823.914 PJ5124 | FISSE01134 | 10/28/2024 | 1 | 10/28/2024 | Books | ||||||
| Dewey Decimal Classification | Fiction | Footprints International School Library Network Toul Tom Poung Campus | Footprints International School Library Network Toul Tom Poung Campus | TTP Secondary Fiction Bookshelves | 10/28/2024 | 1 | ROW 823.914 PJ5124 | FIS05472 | 03/05/2025 | 2 | 10/28/2024 | Books | 03/03/2025 | ||||
| Dewey Decimal Classification | Fiction | Footprints International School Library Network Toul Tom Poung Campus | Footprints International School Library Network Toul Tom Poung Campus | TTP Secondary Fiction Bookshelves | 07/16/2025 | 1 | ROW 823.914 PJ5124 | 2025-1868 | 09/12/2025 | 3 | 07/16/2025 | Books | 08/15/2025 | ||||
| Dewey Decimal Classification | Fiction | Footprints International School Library Network Toul Tom Poung Campus | Footprints International School Library Network Toul Tom Poung Campus | TTP Secondary Fiction Bookshelves | 01/16/2026 | ROW 823.914 PJ5124 | 2026-0054 | 01/16/2026 | 4 | 01/16/2026 | Books |
